00531nam a2200145Ia 4500003000500000005001700005008004100022020001800063050002400081100002500105245011600130260005200246300002400298500006300322PILC20160321103851.0140529s9999 xx 000 0 und d a9789810696603 aG 155.A1b.K33 2012 aKastarlak, Bulent I. aFundamentals of planning and developing tourism /cBulent I. Kastarlak and Brian Barber, technical editor. aUpper Saddle River, NJ :bPrentice Hall,c2011. a457 pages ;c24 cm. aIncludes appendices, bibliographical references and index.